01226aab a2200229 i 4500001001000000003001000010005001700020008004100037040001900078041000800097100002700105245008500132520048900217546002300706650002400729650002600753650003300779773011000812942000800922945004900930999001700979768714001CO-MdFUSB20240808074625.0240808t1998 -us||||| |||| 00| 0 eng d bspacCO-MdFUSB aeng1 aBruner, F. Daleeautor14aThe son is God inside out : ba response to Stephen B. Beavansc/ F. Dale Bruner aEl énfasis del padre Bowens en la soberanía del Espíritu Santo y su impacto mundial es ampliamente aceptado, pero ¿cómo puede un protestante rechazar esencialmente todos los ensayos católicos romanos sobre la Trinidad que concluyen con la pregunta "¿Qué hubiera pasado si Roma hubiera conocido al Espíritu a través de Martín Lutero?" ¿Cómo puede un protestante estar en desacuerdo con si él fuera consciente del Espíritu Santo a través de Martín Lutero? aTexto en inglés. 0aProtestantismo9947 0aEvangelización9362 0a Ecumenismo xHistoria911460 tInternational Bulletin049483961005gVolumen 22, (número 3, 1998), páginas: 106 - 108qpágina: 106 cANA aCatherine Arias Álvarez - Practicante SENA c57325d57325